01050nam a22001937a 4500003000900000005001700009008004100026040001300067100007600080245020000156250000600356260002200362300001800384490000900402520031600411942001200727999001700739952010000756IT-RoPau20220918175937.0121221b xxu||||| |||| 00| 0 eng d cIT-RoPau aRoyo Marin - Alberione James [Giacomo]qFondatore famiglia Poalina9106 aTheology of Christian Perfection.bby Rev. Royo Marin, O.P. With an Introductory sermon by REV. PRIMO MAESTRO James Alberione, S.S.P., S.T.D. Also: CONCLUDING PAULINE APPLICATION BY PRIMO MAESTRO aI aBostonbFSPc1965 a116 p.c14 cm aIvI a CONTENTS Configuration with Christ- The Essence of Sanctity Purpose of This Summary from the " Theology of Christian Perfection" The End of Christian with Christ Configuration with Christ The Virgin Mary a and our Sanctification Straining Forward 2ddccBK c37711d37711 00102ddc406P_A871aPAULUSbPAULUSd2012-12-21l0oP A8r2012-12-21 00:00:00w2012-12-21yBK